Score 0/200 Timer 12:00
0 Plays Today
Country Name % Correct
MexicoMaria Fernanda
84%
MexicoMaria Guadalupe
84%
MexicoMaria Jose
84%
SpainMaria
84%
GermanyMaria
84%
RussiaMaria
84%
PhilippinesMary Joy
83.8%
PhilippinesMary Grace
83.8%
NetherlandsAnna
79.9%
DenmarkAnna
79.9%
GermanyAnna
79.9%
Czech RepublicAnna
79.9%
AustriaAnna
79.9%
RussiaAnna
79.9%
France+Sarah
72.4%
SpainSara
70.4%
DenmarkSara
70.4%
ItalySara
70.4%
France+Emma
67.5%
IrelandEmma
67.5%
United States+Emma
67.5%
Canada+Emma
67.5%
BelgiumEmma
67.5%
NetherlandsEmma
67.5%
DenmarkEmma
67.5%
GermanyEmma
67.5%
NetherlandsAnne
65.2%
England*Emily
64.2%
IrelandEmily
64.2%
AustraliaEmily
64.2%
United States+Emily
64.2%
Canada+Emily
64.2%
IrelandSarah
59%
BelgiumSarah
59%
AustriaSarah
59%
BelgiumMarie
57%
GermanyMarie
57%
AustriaMarie
57%
England*Jessica
56.4%
BelgiumLaura
56.4%
AustriaLaura
56.4%
AustraliaOlivia
54.6%
England*Olivia
54.6%
United States+Olivia
54.6%
Canada+Olivia
54.6%
AustraliaIsabella
54.4%
United States+Isabella
54.4%
Canada+Isabella
54.4%
DenmarkIsabella
54.4%
AustriaHannah
53.9%
NetherlandsJulia
53.1%
AustriaJulia
53.1%
IrelandSophie
51.5%
England*Sophie
51.5%
United States+Sophie
51.5%
Canada+Sophie
51.5%
NetherlandsSophie
51.5%
NetherlandsLisa
51.5%
GermanySophie
51.5%
AustriaSophie
51.5%
Canada+Sophia
50.5%
GermanySophia
50.5%
IrelandGrace
48.7%
England*Grace
48.7%
BelgiumJulie
44.8%
NetherlandsEva
44.6%
France+Chloe
43.6%
Country Name % Correct
AustraliaChloe
43%
IrelandChloe
43%
England*Chloe
43%
United States+Chloe
43%
IrelandAva
41%
IrelandKatie
41%
United States+Ava
41%
Canada+Ava
41%
PhilippinesNicole
40.5%
England*Lily
40.2%
AustraliaLily
40.2%
AustraliaCharlotte
39.9%
PhilippinesAngel
38.4%
United States+Madison
37.9%
IrelandLucy
37.4%
AustraliaElla
37.1%
MexicoSofia
36.3%
ChileSofia
36.3%
SpainSofia
36.3%
ItalySofia
36.3%
DenmarkCaroline
35.8%
France+Lea
34.8%
BelgiumLea
34.8%
United States+Abigail
34.3%
Czech RepublicNatalie
33%
England*Amelia
32.5%
AustraliaAmelia
32.5%
ItalyAlice
30.7%
PhilippinesAngela
30.7%
RussiaElena
29.9%
BelgiumLouise
29.6%
RussiaNatalia
29.1%
PakistanFatima
28.9%
MoroccoFatima
28.9%
AustraliaMia
27.8%
United States+Mia
27.8%
GermanyMia
27.8%
BelgiumClara
26%
ItalyFrancesca
26%
RussiaOlga
25.5%
AustraliaRuby
25.3%
England*Ruby
25.3%
SpainPaula
25.3%
SpainCarla
22.2%
SpainLucia
20.9%
PhilippinesJasmine
20.1%
PhilippinesKimberly
19.6%
SpainMarta
18.8%
RussiaSvetlana
18.8%
MexicoDaniela
18.6%
SpainDaniela
18.6%
PhilippinesAngelina
18.6%
GermanyLena
18%
AustriaLena
18%
France+Jade
17.5%
RussiaMarina
17.5%
PakistanNadia
17.5%
MoroccoNadia
17.5%
ChileMartina
17.3%
ItalyMartina
17.3%
DenmarkSofie
16.8%
MexicoFernanda
16.2%
ChileFernanda
16.2%
Czech RepublicKaterina
15.2%
MexicoValeria
14.9%
BelgiumElise
14.4%
RussiaIrina
13.7%
Country Name % Correct
SpainClaudia
13.1%
ChileAntonia
12.4%
RussiaTatiana
11.9%
GermanyJohanna
11.6%
ItalyGiulia
11.1%
Canada+Kaitlyn
10.8%
MexicoMariana
10.6%
SpainIrene
10.6%
France+Camille
10.6%
Czech RepublicLucie
10.6%
ChileValentina
9.5%
DenmarkIda
9.5%
England*Evie
9%
IrelandAoife
8.2%
NetherlandsLotte
8%
ChileCatalina
7.7%
PhilippinesPrincess
7.5%
MexicoCamila
7.2%
France+Ines
7.2%
RussiaLudmilla
6.7%
ItalyChiara
6.7%
France+Manon
6.4%
France+Louna
6.4%
BelgiumManon
6.4%
PakistanMaryam
6.4%
ItalyAurora
6.4%
AustriaKatharina
5.9%
GermanyLeoni
5.7%
Canada+Mikayla
5.2%
Czech RepublicAdela
5.2%
AustriaLeonie
5.2%
PakistanZainab
5.2%
Czech RepublicTereza
4.9%
PakistanSadia
4.9%
DenmarkMathilde
4.6%
PakistanAyesha
4.6%
MoroccoKhadija
4.6%
MoroccoAmina
4.4%
ItalyGiorgia
4.1%
Czech RepublicKarolina
3.9%
ChileConstanza
3.6%
MoroccoAicha
3.6%
MexicoXimena
3.4%
ItalyAlessia
3.4%
MoroccoRachida
3.1%
MoroccoMalika
2.8%
MoroccoSaida
2.8%
MoroccoKarima
2.6%
France+Lilou
2.3%
MoroccoNaima
2.3%
PhilippinesMariel
2.3%
Canada+Danica
2.1%
Czech RepublicBarbora
2.1%
ChileJaviera
1.8%
NetherlandsSanne
1.8%
DenmarkFreja
1.8%
Czech RepublicEliska
1.8%
Czech RepublicKristyna
1.5%
PakistanSobia
1.3%
PakistanFarzana
1.3%
PakistanSakeena
1.3%
ChileAntonella
1%
ChileIsidora
1%
NetherlandsLieke
1%
PakistanFozia
1%
DenmarkLaerke
0.8%
Remove Ads.
Support Sporcle.
Get the best of Sporcle when you Go Orange. This ad-free experience offers more features, more stats, and more fun while also helping to support Sporcle. Thank you for becoming a member.

You're not logged in!

Compare scores with friends on all Sporcle quizzes.
OR
Log In

Show Comments

Extras

Created Nov 8, 2010ReportNominate
Tags:common, female, First Names

Top Quizzes Today


Score Distribution

Your Account Isn't Verified!

In order to create a playlist on Sporcle, you need to verify the email address you used during registration. Go to your Sporcle Settings to finish the process.

Report this User

Report this user for behavior that violates our Community Guidelines.

Details: